ICSub/NAM (Record no. 114877)

MARC details
000 -LEADER
fixed length control field 01677cam a2200277 4500
001 - CONTROL NUMBER
control field L157623
008 - FIXED-LENGTH DATA ELEMENTS--GENERAL INFORMATION
fixed length control field 050825n2009 000 0 eng u
020 ## - INTERNATIONAL STANDARD BOOK NUMBER
International Standard Book Number 9781847039590
035 ## - SYSTEM CONTROL NUMBER
System control number (Sirsi) u157623
041 0# - LANGUAGE CODE
Language code of text/sound track or separate title eng
050 04 - LIBRARY OF CONGRESS CALL NUMBER
Classification number 692.8 $2 18
110 2# - MAIN ENTRY--CORPORATE NAME
Corporate name or jurisdiction name as entry element Joint Contracts Tribunal
9 (RLIN) 3664
240 00 - UNIFORM TITLE
Uniform title ICSub/NAM
245 00 - TITLE STATEMENT
Title ICSub/NAM
Remainder of title Intermediate Named Sub-Contract Tender and Agreement 2005, revision 2 2009
260 ## - PUBLICATION, DISTRIBUTION, ETC.
Place of publication, distribution, etc. London
Name of publisher, distributor, etc. Sweet and Maxwell
Date of publication, distribution, etc. 2009
300 ## - PHYSICAL DESCRIPTION
Extent ii, 33p.
Dimensions 30cm.
350 ## - PRICE (NR) (BK AM CF MU VM SE) [OBSOLETE]
Price 27.76
490 #0 - SERIES STATEMENT
Series statement JCT Intermediate Named Subcontract Tender and Agreement (2005 Edition), revision 2 2009
505 2# - FORMATTED CONTENTS NOTE
Formatted contents note ICsub/NAM/IT : Invitation to Tender -- ICSub/NAM/T : Tender by Sub-Contract -- ICSub/NAM/A : Sub-Contract Agreement
520 ## - SUMMARY, ETC.
Summary, etc. Appropriate for use with the JCT Intermediate Form of Contract (2005 Edition) or JCT Intermediate Form of Contract With Contractor's Design (2005 Edition) where a named subcontractors is to carry out subcontract works. The contract can be used where the works are to be carried out in sectons and for subcontract works to be carried out on an adjusted sub-contract sum basis or by complete remeasurement. The form is not suitable unless the subcontractor is named under the main contract or for any subcontract work that forms a part of the contract's designed portion.
650 24 - SUBJECT ADDED ENTRY--TOPICAL TERM
Topical term or geographic name entry element JCT INTERMEDIATE NAMED SUBCONTRACT TENDER AND AGREEMENT (2005 EDITION)
650 24 - SUBJECT ADDED ENTRY--TOPICAL TERM
Topical term or geographic name entry element JCT INTERMEDIATE BUILDING CONTRACT (2005 EDITION)
651 #4 - SUBJECT ADDED ENTRY--GEOGRAPHIC NAME
Geographic name United Kingdom
Chronological subdivision
690 ## - LOCAL SUBJECT ADDED ENTRY--TOPICAL TERM (OCLC, RLIN)
Topical term or geographic name as entry element BUILT ENVIRONMENT-BUILDING CONTRACT FORMS-STANDARD FORMS OF BUILDING CONTRACT-JOINT CONTRACTS TRIBUNAL CONTRACTS
942 ## - ADDED ENTRY ELEMENTS (KOHA)
Suppress in OPAC 0
Source of classification or shelving scheme Dewey Decimal Classification
Holdings
Withdrawn status Lost status Source of classification or shelving scheme Damaged status Not for loan Home library Current library Shelving location Date acquired Total Checkouts Full call number Barcode Date last seen Copy number Price effective from Koha item type
    Dewey Decimal Classification     London London Books 04/02/2013   JCT 2009/11 30078688 06/08/2019 1 06/08/2019 Book